| 000 | 00757nam a2200289Ia 4500 | ||
|---|---|---|---|
| 001 | Z_1175 | ||
| 003 | CHAP | ||
| 008 | 220113s1988 xx 000 0 und d | ||
| 010 | _a164260 | ||
| 040 | _cCHAP | ||
| 082 | _a636.0896 B4 | ||
| 100 |
_aBell, John C _911364 |
||
| 245 |
_aThe zoonoses: infections transmitted from animals to men / _cby John C. Bell, Stephen R. Palmer and Jack M. Payne |
||
| 260 |
_aLondon : _bArnold, _c1988 |
||
| 300 | _a241 p | ||
| 440 | _a | ||
| 500 | _a | ||
| 503 | _a | ||
| 650 |
_aAnimales como vectores de enfermedades I. Palmer, Sthepen R. II. Payne, Jack M. _9138370 |
||
| 650 |
_aZoonosis _9124194 |
||
| 901 | _a636.0896 B4 | ||
| 902 | _aA | ||
| 910 | _a1988 | ||
| 942 | _c1 | ||
| 942 | _cc1 | ||
| 999 |
_c164260 _d164260 |
||